Theory and practice of heat engines (Record no. 171361)

MARC details
000 -LEADER
fixed length control field 00402nam a2200157Ia 4500
008 - FIXED-LENGTH DATA ELEMENTS--GENERAL INFORMATION
fixed length control field 231217s9999 xx 000 0 und d
041 ## - LANGUAGE CODE
Language code of text/sound track or separate title English
082 ## - DEWEY DECIMAL CLASSIFICATION NUMBER
Classification number 621.4 WRA
100 ## - MAIN ENTRY--PERSONAL NAME
Personal name Wrangham, D A
245 #0 - TITLE STATEMENT
Title Theory and practice of heat engines
250 ## - EDITION STATEMENT
Edition statement 2nd ed
260 ## - PUBLICATION, DISTRIBUTION, ETC.
Date of publication, distribution, etc. 1948
Name of publisher, distributor, etc. Cambridge University Press
Place of publication, distribution, etc. London
300 ## - PHYSICAL DESCRIPTION
Extent xii+872
650 ## - SUBJECT ADDED ENTRY--TOPICAL TERM
Topical term or geographic name entry element Theory,heat,engines
942 ## - ADDED ENTRY ELEMENTS (KOHA)
Koha item type Books
Holdings
Date last seen Total checkouts Full call number Accession number Price effective from Category Lost status Damaged status Department Withdrawn status Home library Current library Shelving location Entry date Vendor Grants Billdate Currency symbol Conversion rate Discount Old discount
26/01/2024   621.4 WRA 26707 26/01/2024 Books     Central Library   Central Library Central Library F-Block Library Annex 13/03/2004 Public Library of science ME 04/12/2005 RS 1    

© For any Suggestions or Query, please contact the library staff @ librarian@pes.edu or Phone: +9180 2672 1983/ 2108.